00414nam a2200169 a 4500001001300000003000900013005001700022008004100039020001000080082001300090100001700103245003000120260002400150500003500174505001700209650001800226nice12345678IN_TiNIC20260116012504.0050524s1982 enga grp 000 0 ara  ac10000a244bLEE aLeejone, T V aQissa-I-Moosa Kaleemullah aEnglandbKentc1982 aincludes index and biblioraphy2 aPart 1 and 2 aBible Stories